[Event "WchT Seniors 50"]
[Site "Struga"]
[Date "2023.09.27"]
[Round "8.2"]
[White "Godena, Michele"]
[Black "Petursson, Margeir"]
[Result "1-0"]
[WhiteElo "2429"]
[BlackElo "2396"]
[PlyCount "91"]
[EventDate "2023.09.19"]
[EventType "team-swiss"]
[EventRounds "9"]
[EventCountry "MKD"]
[SourceTitle "EXT 2024"]
[Source "ChessBase"]
[SourceDate "2023.10.10"]
[SourceVersion "1"]
[SourceVersionDate "2023.10.10"]
[SourceQuality "1"]
[WhiteTeam "Italy 50"]
[BlackTeam "Iceland 50"]
[WhiteTeamCountry "ITA"]
[BlackTeamCountry "ISL"]

1. e4 c5 2. c3 d5 3. exd5 Qxd5 4. Nf3 g6 5. Na3 Bg7 6. Bc4 Qe4+ 7. Be2 Nf6 8. d4 0-0 9. dxc5 Na6 10. 0-0 Nxc5 11. Re1 Bg4 12. Be3 Ne6 13. Nd2 Bxe2 14. Nxe4 Bxd1 15. Nxf6+ Bxf6 16. Raxd1 b5 17. Rd7 a6 18. Nc2 Rfd8 19. Red1 Be5 20. Rxd8+ Rxd8 21. Rxd8+ Nxd8 22. Nb4 a5 23. Nd5 Kf8 24. Nb6 Ke8 25. a4 bxa4 26. Nxa4 Kd7 27. Kf1 Kc6 28. Ke2 Ne6 29. g3 h5 30. Kd3 f5 31. f4 Bc7 32. Kc4 Nd8 33. b4 axb4 34. cxb4 Nb7 35. b5+ Kd6 36. b6 Bb8 37. Nc5 Nxc5 38. Bxc5+ Kd7 39. Kb5 e5 40. fxe5 Bxe5 41. Be3 h4 42. Bf4 Bxf4 43. gxf4 Kc8 44. Kc6 h3 45. b7+ Kb8 46. Kb6 1-0

[Event "WchT Seniors 50"]
[Site "Struga"]
[Date "2023.09.21"]
[Round "3.2"]
[White "Petursson, Margeir"]
[Black "Opl, Klaus"]
[Result "1-0"]
[WhiteElo "2396"]
[BlackElo "2151"]
[PlyCount "75"]
[EventDate "2023.09.19"]
[EventType "team-swiss"]
[EventRounds "9"]
[EventCountry "MKD"]
[SourceTitle "EXT 2024"]
[Source "ChessBase"]
[SourceDate "2023.10.10"]
[SourceVersion "1"]
[SourceVersionDate "2023.10.10"]
[SourceQuality "1"]
[WhiteTeam "Iceland 50"]
[BlackTeam "Austria 50"]
[WhiteTeamCountry "ISL"]
[BlackTeamCountry "AUT"]

1. d4 Nf6 2. c4 e6 3. Nc3 Bb4 4. f3 b5 5. cxb5 0-0 6. e4 d5 7. e5 Nfd7 8. f4 f6 9. Nf3 fxe5 10. fxe5 c5 11. bxc6 Nxc6 12. Be3 Qb6 13. Qd2 Rxf3 14. gxf3 Ndxe5 15. Be2 Nf7 16. a3 Be7 17. 0-0 Nd6 18. Bd3 Bf6 19. Na4 Qd8 20. Qc3 Bd7 21. Nc5 Be8 22. Rae1 e5 23. dxe5 Nxe5 24. Bd4 Nxd3 25. Bxf6 gxf6 26. Qxd3 Bf7 27. Kh1 Ne8 28. Rg1+ Kh8 29. Qd4 Ng7 30. Nb7 Qb6 31. Qxb6 axb6 32. Re7 Bg6 33. Rd7 Rb8 34. Nd6 Kg8 35. Rc1 Nh5 36. Rc8+ Rxc8 37. Nxc8 Nf4 38. Ne7+ 1-0

[Event "WchT Seniors 50"]
[Site "Struga"]
[Date "2023.09.20"]
[Round "2.3"]
[White "Petursson, Margeir"]
[Black "Guo, Jun"]
[Result "1-0"]
[WhiteElo "2396"]
[BlackElo "2244"]
[PlyCount "69"]
[EventDate "2023.09.19"]
[EventType "team-swiss"]
[EventRounds "9"]
[EventCountry "MKD"]
[SourceTitle "EXT 2024"]
[Source "ChessBase"]
[SourceDate "2023.10.10"]
[SourceVersion "1"]
[SourceVersionDate "2023.10.10"]
[SourceQuality "1"]
[WhiteTeam "Iceland 50"]
[BlackTeam "China Shenzhen 50 (W)"]
[WhiteTeamCountry "ISL"]
[BlackTeamCountry "CHN"]

1. d4 d6 2. Nf3 Bg4 3. c4 Nd7 4. Nc3 e5 5. e3 Ngf6 6. Be2 c6 7. 0-0 Be7 8. e4 0-0 9. Be3 Qc7 10. Rc1 Rfe8 11. d5 c5 12. Ne1 Bxe2 13. Qxe2 Bf8 14. Nd3 g6 15. h3 a6 16. Rb1 Bg7 17. Rfc1 Rf8 18. b4 b6 19. a4 Ne8 20. a5 bxa5 21. bxc5 dxc5 22. Na4 f5 23. Ndxc5 f4 24. Ne6 Qc8 25. Nxf8 Bxf8 26. Bd2 Ba3 27. Rc2 Rb8 28. Ra1 Bb4 29. c5 Nxc5 30. Bxb4 axb4 31. Nxc5 f3 32. Qxf3 b3 33. Ne6 Qxe6 34. dxe6 bxc2 35. Qf7+ 1-0

[Event "Ustron op-A"]
[Site "Ustron"]
[Date "2023.08.18"]
[Round "8"]
[White "Petursson, Margeir"]
[Black "Rog, Bartlomiej"]
[Result "1/2-1/2"]
[WhiteElo "2423"]
[BlackElo "2193"]
[PlyCount "62"]
[EventDate "2023.08.11"]
[EventType "swiss"]
[EventRounds "9"]
[EventCountry "POL"]
[SourceTitle "CBM 215 Extra"]
[Source "ChessBase"]
[SourceDate "2023.09.30"]
[SourceVersion "1"]
[SourceVersionDate "2023.09.30"]
[SourceQuality "1"]

1. Nf3 d5 2. d4 e6 3. g3 Nf6 4. Bg2 c5 5. 0-0 cxd4 6. b3 Nc6 7. Nxd4 e5 8. Nxc6 bxc6 9. c4 Be6 10. Bb2 Bd6 11. Nc3 Be7 12. Na4 e4 13. cxd5 cxd5 14. Rc1 0-0 15. Qd4 Qa5 16. Qe5 Qa6 17. e3 Rfc8 18. Qd4 h6 19. Qd2 Nd7 20. Rfd1 Bf6 21. Bf1 Qb7 22. Bxf6 Nxf6 23. Qa5 Qe7 24. Rc5 Ng4 25. Qc3 Qg5 26. Be2 Qf5 27. Qe1 Ne5 28. Qf1 Nd7 29. Rxc8+ Rxc8 30. Rc1 Rxc1 31. Qxc1 Ne5 1/2-1/2

[Event "Ustron op-A"]
[Site "Ustron"]
[Date "2023.08.11"]
[Round "1"]
[White "Petursson, Margeir"]
[Black "Unat, Can Haktan"]
[Result "1/2-1/2"]
[WhiteElo "2423"]
[BlackElo "2239"]
[PlyCount "156"]
[EventDate "2023.08.11"]
[EventType "swiss"]
[EventRounds "9"]
[EventCountry "POL"]
[SourceTitle "CBM 215 Extra"]
[Source "ChessBase"]
[SourceDate "2023.09.30"]
[SourceVersion "1"]
[SourceVersionDate "2023.09.30"]
[SourceQuality "1"]

1. d4 Nf6 2. c4 e6 3. Nc3 Bb4 4. f3 c5 5. a3 Ba5 6. d5 0-0 7. e4 b5 8. Nh3 bxc4 9. Bxc4 Nxd5 10. Bxd5 exd5 11. Qxd5 Ba6 12. Nf4 Nc6 13. Kf2 Rb8 14. h4 Qf6 15. Kg3 Nd4 16. b4 Bc7 17. Qg5 Ne2+ 18. Ncxe2 Qxa1 19. Qxc5 Be5 20. Kh3 Rbc8 21. Qe3 Bxf4 22. Nxf4 Rc3 23. Qe1 Rfc8 24. Be3 Qxe1 25. Rxe1 Rxa3 26. Bxa7 d6 27. Bb6 Rc4 28. Rd1 Rxe4 29. Rxd6 g5 30. Nd5 Rxh4+ 31. Kg3 Rc4 32. Nf6+ Kg7 33. Nh5+ Kf8 34. Bc5 Rxc5 35. bxc5 Ke7 36. Nf6 Bc4 37. Nxh7 Ra5 38. Nxg5 Rxc5 39. Ne4 Ra5 40. Rb6 Ra2 41. Nd6 Be6 42. Ne4 Bc4 43. Nf2 Be6 44. Rb7+ Kf6 45. Ne4+ Kg6 46. Rb6 Kg7 47. Rd6 Rb2 48. Nd2 Rb4 49. Kf2 Kf8 50. Ke3 Ke7 51. Ra6 Bf5 52. Nf1 Rb2 53. g4 Be6 54. Ng3 Rb3+ 55. Kf4 Rb4+ 56. Kg5 f6+ 57. Kh4 f5 58. Ra7+ Kf8 59. Kg5 fxg4 60. f4 Ke8 61. f5 Bxf5 62. Nxf5 g3 63. Nxg3 Kd8 64. Nf5 Re4 65. Kf6 Re1 66. Nd4 Kc8 67. Ne6 Rh1 68. Ke5 Re1+ 69. Kd6 Rd1+ 70. Kc6 Rc1+ 71. Kd5 Rc2 72. Rh7 Rc1 73. Rh8+ Kd7 74. Rh7+ Kc8 75. Re7 Rc2 76. Nc5 Kd8 77. Re1 Kc7 78. Re3 Rd2+ 1/2-1/2

[Event "Pula op 35th"]
[Site "Pula"]
[Date "2023.06.21"]
[Round "5"]
[White "Petursson, Margeir"]
[Black "Skuhala, Barbara"]
[Result "1-0"]
[WhiteElo "2444"]
[BlackElo "2165"]
[PlyCount "131"]
[EventDate "2023.06.17"]
[EventType "swiss"]
[EventRounds "9"]
[EventCountry "CRO"]
[SourceTitle "CBM 214 Extra"]
[Source "ChessBase"]
[SourceDate "2023.07.31"]
[SourceVersion "1"]
[SourceVersionDate "2023.07.31"]
[SourceQuality "1"]

1. d4 Nf6 2. c4 e6 3. Nc3 Bb4 4. f3 Nh5 5. Nh3 f5 6. a3 Bxc3+ 7. bxc3 0-0 8. e4 c5 9. e5 f4 10. g4 fxg3 11. Bg5 Qa5 12. Bd2 Qd8 13. Bg5 Qa5 14. Bd2 Qd8 15. Qc2 g2 16. Bxg2 cxd4 17. 0-0 dxc3 18. Qxc3 Nc6 19. f4 d6 20. Rad1 dxe5 21. fxe5 Rxf1+ 22. Rxf1 Qd4+ 23. Qxd4 Nxd4 24. Bb4 Ne2+ 25. Kf2 Nef4 26. Nxf4 Nxf4 27. Kg3 g5 28. Be4 Bd7 29. Bxb7 Rb8 30. Bf3 Rc8 31. h4 h6 32. hxg5 hxg5 33. Rd1 Ba4 34. Rd4 Bc6 35. Bg4 Be8 36. Bd2 Rc5 37. Bxf4 gxf4+ 38. Kxf4 Kf7 39. Be2 Ke7 40. Rd2 Ra5 41. Rd3 Bc6 42. Rh3 Ra4 43. Kg5 Be4 44. Re3 Bf5 45. Rb3 Be4 46. Kf4 Bd5 47. Rb4 Rxb4 48. axb4 Bc6 49. Ke3 Kd7 50. Bf3 Ba4 51. Kd4 Kc7 52. Bg4 Bd7 53. Ke4 Kd8 54. Kd4 Kc7 55. Kc5 Bc8 56. Kb5 Bd7+ 57. Ka6 Kb8 58. b5 Bc8+ 59. Ka5 Kc7 60. c5 Bd7 61. Bf3 Bc8 62. b6+ axb6+ 63. cxb6+ Kb8 64. Kb5 Bd7+ 65. Bc6 Bc8 66. Kc5 1-0

[Event "Pula op 35th"]
[Site "Pula"]
[Date "2023.06.19"]
[Round "3"]
[White "Petursson, Margeir"]
[Black "Kurtyilmaz, Kuzey"]
[Result "1-0"]
[WhiteElo "2444"]
[BlackElo "1640"]
[PlyCount "95"]
[EventDate "2023.06.17"]
[EventType "swiss"]
[EventRounds "9"]
[EventCountry "CRO"]
[SourceTitle "CBM 214 Extra"]
[Source "ChessBase"]
[SourceDate "2023.07.31"]
[SourceVersion "1"]
[SourceVersionDate "2023.07.31"]
[SourceQuality "1"]

1. d4 d5 2. Nf3 Nf6 3. c4 dxc4 4. Nc3 c6 5. e4 b5 6. Be2 e6 7. 0-0 Bb4 8. Qc2 0-0 9. a4 Bd7 10. Rd1 h6 11. Bf4 Qc8 12. Ne5 Qb7 13. Bf3 a6 14. h4 Be8 15. b3 cxb3 16. Qxb3 Qe7 17. Nd3 Bxc3 18. Qxc3 Qd8 19. Nc5 Bd7 20. Rdc1 Ra7 21. Nb3 Qe7 22. Qa5 Qd8 23. Qb4 a5 24. Qc5 Rb7 25. axb5 Rxb5 26. Qc3 Na6 27. Bd6 Qb6 28. Nxa5 Rc8 29. Nc4 Qb7 30. Be7 Ne8 31. e5 Rb3 32. Na5 Rxc3 33. Nxb7 Rxc1+ 34. Rxc1 Nec7 35. Be2 Nd5 36. Bd6 Nac7 37. Ra1 Nb5 38. Bc5 Rb8 39. Nd6 Nf4 40. Bc4 Nd5 41. g3 Ndc7 42. Kg2 Nd5 43. g4 Nbc7 44. Ra7 Rb2 45. Bxd5 Nxd5 46. Rxd7 Ne3+ 47. Kf3 Nd1 48. Ne4 1-0

[Event "ISL-chT Kvika 2223"]
[Site "Reykjavik"]
[Date "2023.03.19"]
[Round "10.1"]
[White "Petursson, Margeir"]
[Black "Hansen, Soren Bech"]
[Result "1-0"]
[WhiteElo "2433"]
[BlackElo "2278"]
[PlyCount "85"]
[EventDate "2022.10.13"]
[EventType "team-tourn"]
[EventRounds "10"]
[EventCountry "ISL"]
[SourceTitle "CBM 213 Extra"]
[Source "ChessBase"]
[SourceDate "2023.05.31"]
[SourceVersion "1"]
[SourceVersionDate "2023.05.31"]
[SourceQuality "1"]
[WhiteTeam "Taflfelag Reykjavikur"]
[BlackTeam "Skakdeild KR"]
[WhiteTeamCountry "ISL"]
[BlackTeamCountry "ISL"]

1. d4 Nf6 2. c4 e6 3. Nc3 Bb4 4. f3 c5 5. d5 exd5 6. cxd5 d6 7. e4 0-0 8. Nge2 Re8 9. Ng3 Nbd7 10. Be2 a6 11. 0-0 b5 12. Kh1 Ne5 13. a4 bxa4 14. Rxa4 a5 15. Ra1 c4 16. Be3 Qc7 17. Bg5 Nfd7 18. Nf5 Ba6 19. Qd2 Rab8 20. Bh6 g6 21. Nd4 Bc5 22. Ra2 Nd3 23. Nc6 Nf2+ 24. Rxf2 Bxf2 25. Nd1 Bh4 26. Nxb8 Rxb8 27. g3 Bd8 28. Qc3 f6 29. Ra3 Ne5 30. Bd2 Qb7 31. Qe3 Bb6 32. Qf4 Bd8 33. Bc3 Kg7 34. Ne3 Bb5 35. Nc2 a4 36. Qd2 Bb6 37. Nd4 Bd7 38. Ne6+ Bxe6 39. dxe6 Bc5 40. Rxa4 Ng4 41. Qd5 Nf2+ 42. Kg2 Qb3 43. Qxc4 1-0

[Event "Rilton Cup 50th"]
[Site "Stockholm"]
[Date "2023.01.05"]
[Round "9"]
[White "Lindberg, Bengt"]
[Black "Petursson, Margeir"]
[Result "0-1"]
[WhiteElo "2349"]
[BlackElo "2437"]
[PlyCount "150"]
[EventDate "2022.12.27"]
[EventType "swiss"]
[EventRounds "9"]
[EventCountry "SWE"]
[SourceTitle "CBM 212 Extra"]
[Source "ChessBase"]
[SourceDate "2023.03.31"]
[SourceVersion "1"]
[SourceVersionDate "2023.03.31"]
[SourceQuality "1"]

1. e4 c5 2. Nf3 g6 3. d4 cxd4 4. Nxd4 Nc6 5. c4 Nf6 6. Nc3 Nxd4 7. Qxd4 d6 8. Be2 Bg7 9. Be3 0-0 10. Qd2 a5 11. f3 a4 12. Kf2 Be6 13. Rac1 Nd7 14. Rhd1 Qa5 15. Nb5 Nc5 16. Qxa5 Rxa5 17. Rd2 Rc8 18. Nd4 Raa8 19. Rb1 Bd7 20. h3 f5 21. exf5 gxf5 22. Nc2 f4 23. Bd4 Bf5 24. Bxg7 Kxg7 25. Rbd1 Bxc2 26. Rxc2 Rc6 27. Bd3 b5 28. Bf1 b4 29. Rcd2 Raa6 30. g3 fxg3+ 31. Kxg3 Rc8 32. Re1 Kf6 33. Rd4 Rg8+ 34. Kf2 e5 35. Rh4 Ra7 36. Rd1 Ke6 37. Bd3 Nxd3+ 38. Rxd3 Rg6 39. Rd5 Rf7 40. Rb5 Rgf6 41. Ke2 Rxf3 42. Rh6+ Kd7 43. Rxb4 Rf2+ 44. Ke3 R7f3+ 45. Ke4 Rg3 46. Rxh7+ Kc6 47. Rh4 a3 48. bxa3 Rxa3 49. Rb3 Raxa2 50. Rb8 Ra3 51. Rc8+ Kd7 52. Rch8 Re2+ 53. Kf5 Rf3+ 54. Kg4 Rf4+ 55. Kg3 Rxh4 56. Rxh4 Kc6 57. Kf3 Rh2 58. Ke3 Kc5 59. Rh6 Rc2 60. Rh8 Rxc4 61. h4 Kd5 62. h5 Rc3+ 63. Kf2 Ke4 64. Kg2 d5 65. h6 Rc6 66. Kg3 d4 67. Kg4 Rc1 68. h7 Rh1 69. Kg5 d3 70. Kg6 d2 71. Rd8 Ke3 72. Kg7 Ke2 73. h8Q Rxh8 74. Kxh8 d1Q 75. Rxd1 Kxd1 0-1

[Event "Rilton Cup 50th"]
[Site "Stockholm"]
[Date "2022.12.29"]
[Round "3"]
[White "Ruiz Buendia, Miguel"]
[Black "Petursson, Margeir"]
[Result "0-1"]
[WhiteElo "2257"]
[BlackElo "2437"]
[PlyCount "66"]
[EventDate "2022.12.27"]
[EventType "swiss"]
[EventRounds "9"]
[EventCountry "SWE"]
[SourceTitle "CBM 212 Extra"]
[Source "ChessBase"]
[SourceDate "2023.03.31"]
[SourceVersion "1"]
[SourceVersionDate "2023.03.31"]
[SourceQuality "1"]

1. e4 c5 2. Nf3 d6 3. d4 cxd4 4. Nxd4 Nf6 5. Nc3 a6 6. Be3 e5 7. Nb3 Be6 8. f3 h5 9. Nd5 Bxd5 10. exd5 Nbd7 11. Qd2 Qc7 12. c4 b6 13. 0-0-0 g6 14. Kb1 Bg7 15. h3 a5 16. Be2 h4 17. Bg5 Ng8 18. Rhe1 Kf8 19. f4 a4 20. Na1 Ngf6 21. Bd3 Kg8 22. f5 gxf5 23. Bxf5 Qxc4 24. Rc1 Qb5 25. Rc6 Rh5 26. Bg4 Nxg4 27. hxg4 Rxg5 28. Qxg5 Qxd5 29. Rc7 Nc5 30. Qf5 Rf8 31. Rf1 Ne4 32. Rh1 Ng3 33. Qf2 Nxh1 0-1

[Event "EU-ch Rapid"]
[Site "Katowice"]
[Date "2022.12.18"]
[Round "10"]
[White "Petursson, Margeir"]
[Black "Minald, Andrey"]
[Result "1/2-1/2"]
[WhiteElo "2437"]
[BlackElo "2091"]
[PlyCount "128"]
[EventDate "2022.12.17"]
[EventType "swiss (rapid)"]
[EventRounds "11"]
[EventCountry "POL"]
[SourceTitle "CBM 211 Extra"]
[Source "ChessBase"]
[SourceDate "2023.01.31"]
[SourceVersion "1"]
[SourceVersionDate "2023.01.31"]
[SourceQuality "1"]

1. c4 e5 2. g3 f5 3. Bg2 Nf6 4. Nc3 g6 5. d4 e4 6. f3 exf3 7. Nxf3 Bg7 8. 0-0 0-0 9. b3 d6 10. Qd3 c6 11. Bf4 Na6 12. Rad1 Qe7 13. Nd2 Ng4 14. Nf3 Re8 15. Bg5 Bf6 16. Bxf6 Nxf6 17. Nh4 Qe3+ 18. Qxe3 Rxe3 19. Rd3 Rxd3 20. exd3 Bd7 21. Re1 Kf7 22. a3 Nc7 23. Nf3 Re8 24. Rxe8 Bxe8 25. h3 h6 26. b4 g5 27. Kf2 Ne6 28. Ne2 Ke7 29. c5 Bh5 30. Nfg1 a6 31. Bf3 Bg6 32. Ke3 Nc7 33. Nc3 Ne6 34. Nge2 d5 35. Nd1 Bf7 36. Nf2 Bg6 37. Nd1 Nc7 38. a4 Ne6 39. Ndc3 h5 40. b5 axb5 41. axb5 h4 42. gxh4 f4+ 43. Kf2 gxh4 44. bxc6 bxc6 45. Bg2 Bxd3 46. Kf3 Be4+ 47. Kf2 Kf7 48. Na4 Bd3 49. Nac3 Kg6 50. Bf3 Ne4+ 51. Kg2 Bxe2 52. Nxe2 Nd2 53. Bg4 Kf6 54. Bxe6 Kxe6 55. Nxf4+ Kf5 56. Nd3 Nb3 57. Kf3 Nxd4+ 58. Ke3 Ne6 59. Kf3 d4 60. Nb4 Nxc5 61. Nxc6 d3 62. Ke3 d2 63. Nd4+ Kg5 64. Nf3+ Kh5 1/2-1/2

[Event "ISL-chT Kvika 2223"]
[Site "Reykjavik"]
[Date "2022.10.16"]
[Round "5.1"]
[White "Gunnarsson, Arnar"]
[Black "Petursson, Margeir"]
[Result "1/2-1/2"]
[WhiteElo "2397"]
[BlackElo "2447"]
[PlyCount "21"]
[EventDate "2022.10.13"]
[EventType "team-tourn"]
[EventRounds "10"]
[EventCountry "ISL"]
[SourceTitle "CBM 213 Extra"]
[Source "ChessBase"]
[SourceDate "2023.05.31"]
[SourceVersion "1"]
[SourceVersionDate "2023.05.31"]
[SourceQuality "1"]
[WhiteTeam "Skakdeild KR"]
[BlackTeam "Taflfelag Reykjavikur"]
[WhiteTeamCountry "ISL"]
[BlackTeamCountry "ISL"]

1. c4 c5 2. Nc3 g6 3. g3 Bg7 4. Bg2 Nc6 5. e3 e6 6. Nge2 Nge7 7. 0-0 0-0 8. d4 cxd4 9. Nxd4 Nxd4 10. exd4 d5 11. cxd5 1/2-1/2

[Event "ISL-chT Kvika 2223"]
[Site "Reykjavik"]
[Date "2022.10.15"]
[Round "3.2"]
[White "Stefansson, Hannes"]
[Black "Petursson, Margeir"]
[Result "1/2-1/2"]
[WhiteElo "2527"]
[BlackElo "2447"]
[PlyCount "49"]
[EventDate "2022.10.13"]
[EventType "team-tourn"]
[EventRounds "10"]
[EventCountry "ISL"]
[SourceTitle "CBM 213 Extra"]
[Source "ChessBase"]
[SourceDate "2023.05.31"]
[SourceVersion "1"]
[SourceVersionDate "2023.05.31"]
[SourceQuality "1"]
[WhiteTeam "Taflfelag Gardjabaejar"]
[BlackTeam "Taflfelag Reykjavikur"]
[WhiteTeamCountry "ISL"]
[BlackTeamCountry "ISL"]

1. e4 c5 2. Nf3 g6 3. c4 Nc6 4. d4 cxd4 5. Nxd4 Nf6 6. Nc3 Nxd4 7. Qxd4 d6 8. Be2 Bg7 9. Be3 0-0 10. Qd2 a5 11. 0-0 a4 12. Rab1 Qa5 13. Rfc1 Be6 14. f3 Rfc8 15. b4 axb3 16. axb3 Qb4 17. Kh1 Nd7 18. Qe1 Nc5 19. Nd5 Qxe1+ 20. Rxe1 Bxd5 21. cxd5 Ra3 22. Rec1 Rca8 23. Bc4 h5 24. Kg1 Na4 25. bxa4 1/2-1/2

[Event "ISL-chT1 2122"]
[Site "Reykjavik"]
[Date "2022.03.06"]
[Round "10.3"]
[White "Ragnarsson, Dagur"]
[Black "Petursson, Margeir"]
[Result "1/2-1/2"]
[WhiteElo "2376"]
[BlackElo "2447"]
[PlyCount "124"]
[EventDate "2021.09.30"]
[EventType "team-tourn"]
[EventRounds "10"]
[EventCountry "ISL"]
[SourceTitle "EXT 2023"]
[Source "ChessBase"]
[SourceDate "2022.10.05"]
[SourceVersion "1"]
[SourceVersionDate "2022.10.05"]
[SourceQuality "1"]
[WhiteTeam "Skakdeild Fjolnis"]
[BlackTeam "Taflfelag Reykjavikur"]
[WhiteTeamCountry "ISL"]
[BlackTeamCountry "ISL"]

1. d4 Nf6 2. c4 e6 3. Nc3 Bb4 4. Qc2 d5 5. cxd5 Qxd5 6. e3 c5 7. Bd2 Bxc3 8. Bxc3 cxd4 9. Bxd4 Nc6 10. Bc3 0-0 11. Nf3 Qc5 12. a3 Nd5 13. Bd3 f5 14. Rc1 Nxc3 15. Qxc3 Qxc3+ 16. Rxc3 Bd7 17. 0-0 a6 18. h4 Kf7 19. Rd1 Rad8 20. e4 h6 21. h5 Kf6 22. Be2 fxe4 23. Nd2 Ke7 24. Nxe4 e5 25. Rg3 Rf7 26. Re1 Nd4 27. Nc5 Nf5 28. Rg6 Rf6 29. Bg4 Rxg6 30. hxg6 Bc8 31. f4 Kf6 32. Rxe5 Nd4 33. Bh5 Bf5 34. Nxb7 Rb8 35. Nd6 Bxg6 36. Bxg6 Kxg6 37. b4 Rd8 38. f5+ Kf6 39. Rd5 Nc2 40. Ne4+ Ke7 41. Re5+ Kf7 42. Re6 Nxa3 43. Rxa6 Nb5 44. Rb6 Rd4 45. Rb7+ Kg8 46. Nc5 Nd6 47. Rxg7+ Kxg7 48. Ne6+ Kf6 49. Nxd4 Ke5 50. Nc6+ Kxf5 51. Kf2 Ke4 52. Kg3 Kd3 53. Kf4 Kc4 54. Ke5 Nb5 55. g4 Nc3 56. Nd4 Nd1 57. b5 Kc5 58. Ke4 Nf2+ 59. Kf3 Nd3 60. Nf5 Ne5+ 61. Kf4 Nxg4 62. Nxh6 Nxh6 1/2-1/2

[Event "ISL-chT1 2122"]
[Site "Reykjavik"]
[Date "2022.03.05"]
[Round "8.2"]
[White "Pantzar, Milton"]
[Black "Petursson, Margeir"]
[Result "0-1"]
[WhiteElo "2423"]
[BlackElo "2447"]
[PlyCount "78"]
[EventDate "2021.09.30"]
[EventType "team-tourn"]
[EventRounds "10"]
[EventCountry "ISL"]
[SourceTitle "EXT 2023"]
[Source "ChessBase"]
[SourceDate "2022.10.05"]
[SourceVersion "1"]
[SourceVersionDate "2022.10.05"]
[SourceQuality "1"]
[WhiteTeam "Taflfelag Gardabaejar"]
[BlackTeam "Taflfelag Reykjavikur"]
[WhiteTeamCountry "ISL"]
[BlackTeamCountry "ISL"]

1. d4 Nf6 2. c4 e6 3. Nf3 Bb4+ 4. Nbd2 b6 5. a3 Bxd2+ 6. Qxd2 Bb7 7. e3 a5 8. b3 d6 9. Be2 Nbd7 10. 0-0 0-0 11. Bb2 Qe7 12. Qc2 Rfd8 13. Nd2 c5 14. a4 Rac8 15. Bd3 h6 16. Rfd1 cxd4 17. exd4 Nd5 18. Ba3 Nf4 19. Bh7+ Kh8 20. Be4 Nf6 21. Bf3 Qc7 22. Qc3 N6d5 23. Qb2 Ne7 24. d5 exd5 25. Qd4 Ne6 26. Qg4 d4 27. Bb2 d5 28. Rac1 Qb8 29. Re1 dxc4 30. Nxc4 Rc5 31. Bxb7 Qxb7 32. Ne5 Nd5 33. Nxf7+ Qxf7 34. Qxe6 Qxe6 35. Rxe6 Nf4 36. Rxc5 bxc5 37. Re1 Rb8 38. Ba3 Rxb3 39. Bxc5 Nd3 0-1

[Event "ISL-chT1 2122"]
[Site "Reykjavik"]
[Date "2022.03.04"]
[Round "7.3"]
[White "Petursson, Margeir"]
[Black "Gunnarsson, Jon Viktor"]
[Result "1/2-1/2"]
[WhiteElo "2447"]
[BlackElo "2439"]
[PlyCount "116"]
[EventDate "2021.09.30"]
[EventType "team-tourn"]
[EventRounds "10"]
[EventCountry "ISL"]
[SourceTitle "EXT 2024"]
[Source "ChessBase"]
[SourceDate "2023.10.10"]
[SourceVersion "1"]
[SourceVersionDate "2023.10.10"]
[SourceQuality "1"]
[WhiteTeam "Taflfelag Reykjavikur"]
[BlackTeam "Vikingaklubburinn"]
[WhiteTeamCountry "ISL"]
[BlackTeamCountry "ISL"]

1. c4 e5 2. g3 c6 3. Nf3 e4 4. Nd4 d5 5. d3 Nf6 6. Bg2 dxc4 7. dxe4 Bc5 8. e3 0-0 9. 0-0 Re8 10. Nc3 Bb4 11. Qc2 Bxc3 12. bxc3 Qe7 13. Nf5 Bxf5 14. exf5 Na6 15. Qe2 Qc5 16. a4 Ne4 17. Qg4 Qe5 18. Ba3 Rad8 19. f6 Nxf6 20. Qxc4 Ne4 21. Rfd1 Nd2 22. Qa2 Ne4 23. Qc2 Rxd1+ 24. Rxd1 h6 25. c4 Nac5 26. Bb2 Qe6 27. Bd4 b6 28. Ra1 Nb7 29. Rd1 c5 30. Bb2 Na5 31. Rd5 Nc6 32. Qd1 f6 33. Rd7 Re7 34. Rd5 Nb4 35. Rd8+ Kh7 36. Qe2 f5 37. h4 Rd7 38. Rxd7 Qxd7 39. Bxe4 fxe4 40. Bc3 Nd3 41. a5 Qf7 42. axb6 axb6 43. h5 Qf3 44. Qxf3 exf3 45. e4 g6 46. g4 gxh5 47. gxh5 Kg8 48. Bf6 Kf7 49. Bd8 Ke6 50. Bxb6 Ke5 51. Ba5 Kxe4 52. Bd2 Kf5 53. Bxh6 Kg4 54. Be3 Kxh5 55. Kh1 Kg4 56. Kh2 Kh4 57. Kg1 Kh3 58. Kh1 Kg4 1/2-1/2

[Event "EU-Cup 36th"]
[Site "Struga"]
[Date "2021.09.21"]
[Round "4.3"]
[White "Risteski, Emil"]
[Black "Petursson, Margeir"]
[Result "0-1"]
[WhiteElo "2320"]
[BlackElo "2442"]
[PlyCount "92"]
[EventDate "2021.09.18"]
[EventType "team-swiss"]
[EventRounds "7"]
[EventCountry "MKD"]
[SourceTitle "CBM 204 Extra"]
[Source "ChessBase"]
[SourceDate "2021.11.30"]
[SourceVersion "1"]
[SourceVersionDate "2021.11.30"]
[SourceQuality "1"]
[WhiteTeam "Gambit Asseco See"]
[BlackTeam "Reykjavik"]
[WhiteTeamCountry "MKD"]
[BlackTeamCountry "ISL"]

1. e4 c5 2. Nf3 g6 3. c3 d5 4. e5 a6 5. h3 Nc6 6. d4 Bg7 7. Be2 f6 8. exf6 Nxf6 9. dxc5 0-0 10. 0-0 e5 11. Na3 h6 12. Nc2 Be6 13. Nh2 Kh7 14. Be3 Qd7 15. Bd3 Rad8 16. f4 d4 17. cxd4 e4 18. Be2 Nd5 19. Kh1 Nxe3 20. Nxe3 Qxd4 21. Qxd4 Bxd4 22. Nc4 Bxc5 23. b3 Nd4 24. Bg4 Bxc4 25. Rfc1 b5 26. bxc4 b4 27. g3 h5 28. Bd1 e3 29. Kg2 h4 30. Nf3 Nxf3 31. Kxf3 hxg3 32. Be2 g5 33. Kxg3 Rxf4 34. Rd1 Rd2 35. Rxd2 exd2 36. Rd1 Rd4 37. Bg4 Bd6+ 38. Kf2 Bf4 39. Be2 a5 40. c5 Rd5 41. c6 Rc5 42. Bf3 Kg7 43. Ke2 Kf6 44. Be4 Ke5 45. Bb1 Rxc6 46. Bd3 Rc3 0-1